The Construction of Buildings Vol 2 (Record no. 34)

000 -LEADER
fixed length control field 00379nam a2200169Ia 4500
003 - CONTROL NUMBER IDENTIFIER
control field OSt
005 - DATE AND TIME OF LATEST TRANSACTION
control field 20200311044426.0
008 - FIXED-LENGTH DATA ELEMENTS--GENERAL INFORMATION
fixed length control field 200302s9999 xx 000 0 und d
020 ## - INTERNATIONAL STANDARD BOOK NUMBER
International Standard Book Number 9788176710022
082 ## - DEWEY DECIMAL CLASSIFICATION NUMBER
Classification number 690
Item number BAR
100 ## - MAIN ENTRY--PERSONAL NAME
Personal name R. Barry
245 ## - TITLE STATEMENT
Title The Construction of Buildings Vol 2
260 ## - PUBLICATION, DISTRIBUTION, ETC. (IMPRINT)
Name of publisher, distributor, etc Granada Publishing
260 ## - PUBLICATION, DISTRIBUTION, ETC. (IMPRINT)
Date of publication, distribution, etc 1978
300 ## - PHYSICAL DESCRIPTION
Extent 140 P.,
942 ## - ADDED ENTRY ELEMENTS (KOHA)
Source of classification or shelving scheme
Holdings
Withdrawn status Lost status Damaged status Koha normalized classification for sorting Not for loan Permanent location Current location Date acquired Cost, normal purchase price Full call number Barcode Date last seen Price effective from Koha item type Source of classification or shelving scheme Total Checkouts Date last borrowed
      690_000000000000000   BMS College of Architecture, Design and Planning BMS College of Architecture, Design and Planning 2020-03-03 212.10 690 CL-UG18118 2020-03-03 2020-03-03 UG Books from CL      
      690_000000000000000_BAR   BMS College of Architecture, Design and Planning BMS College of Architecture, Design and Planning 2020-03-11   690 BAR AR-BB15 2020-03-11 2020-03-11 Book Bank      
      690_000000000000000_BAR   BMS College of Architecture, Design and Planning BMS College of Architecture, Design and Planning 2020-03-11   690 BAR AR-BB16 2020-03-11 2020-03-11 Book Bank      
      690_000000000000000_BAR   BMS College of Architecture, Design and Planning BMS College of Architecture, Design and Planning 2020-03-11   690 BAR AR-BB17 2020-03-11 2020-03-11 Book Bank      
      690_000000000000000_BAR   BMS College of Architecture, Design and Planning BMS College of Architecture, Design and Planning 2020-03-11   690 BAR AR-BB18 2020-03-11 2020-03-11 Book Bank      
      690_000000000000000_BAR   BMS College of Architecture, Design and Planning BMS College of Architecture, Design and Planning 2021-01-08   690 BAR AR-UG2066 2026-04-02 2021-01-08 UG Books   3 2026-04-01
      690_000000000000000_BAR   BMS College of Architecture, Design and Planning BMS College of Architecture, Design and Planning 2021-01-08   690 BAR AR-UG2067 2023-07-10 2021-01-08 UG Books   2 2023-06-26
      690_000000000000000_BAR   BMS College of Architecture, Design and Planning BMS College of Architecture, Design and Planning 2021-01-08   690 BAR AR-UG2068 2023-08-16 2021-01-08 UG Books   1 2023-08-02
Copyright © 2025, The Librarian, Library and Information Centre, BMSCA D&P, Bengaluru. All Rights Reserved
web counter

Powered by Koha